Statistics for Avril Lavigne Songs

Click here to take the quiz!

General Stats

  • This quiz has been taken 487 times
    (482 since last reset)
  • The average score is 7 of 14

Answer Stats

HintAnswer% Correct
hey hey yougirlfriend
96%
he was a boy she was a girlskater boy
88%
all my life i've been good but nowWhat the hell
80%
so much for mymy happy ending
67%
singing radioheadhere's to never growing up
65%
tell me, why you have to gocomplicated
55%
and that's whysmile
55%
are you aware of what you make me feellosing grip
34%
call it a bad attitude nowrock n roll
28%
just lay your head in daddys lapbad girl
27%
i hate you now so go away from me youre gone so longi can do better
24%
why do you look so familierwho knows
20%
try to tell me what i shouldn't dofreak out
14%
come andtake me away
8%

Score Distribution

Percentile by Number Answered

Percent of People with Each Score

Your Score History

You have not taken this quiz since the last reset